[Event "73rd UKR-ch"]
[Site "Kharkiv UKR"]
[Date "2004.08.25"]
[Round "1.2"]
[White "Malakhatko, Vadym"]
[WhiteElo "2555"]
[Black "Drozdovskij, Yuri"]
[BlackElo "2506"]
[Result "1/2-1/2"]
[EventDate "2004.08.??"]
[PlyCount "40"]

1. d4 Nf6 2. c4 g6 3. Nc3 Bg7 4. e4 d6 5. Nf3 O-O 6. Be2 c6 7. O-O a6 8. a3 Nfd7 9. Bg5 h6 10. Be3 b5 11. Qd2 Kh7 12. h3 bxc4 13. Bxc4 a5 14. Rac1 Nb6 15. Bd3 Ba6 16. Bxa6 Nxa6 17. Qe2 f5 18. exf5 gxf5 19. Rfe1 Qd7 20. Qc2 Rac8 1/2-1/2

[Event "73rd UKR-ch"]
[Site "Kharkiv UKR"]
[Date "2004.08.24"]
[Round "1.1"]
[White "Yefymenko, Zakhar"]
[WhiteElo "2572"]
[Black "Rogovsky, Vladimir"]
[BlackElo "2486"]
[Result "1/2-1/2"]
[EventDate "2004.08.??"]
[PlyCount "84"]

1. e4 e5 2. Nf3 Nc6 3. Bb5 a6 4. Ba4 Nf6 5. O-O Be7 6. Bxc6 dxc6 7. Qe1 Nd7 8. b3 O-O 9. Bb2 f6 10. Nc3 Nc5 11. Nh4 Ne6 12. Ne2 c5 13. Kh1 Nd4 14. Nxd4 cxd4 15. d3 g6 16. Bc1 Kh8 17. Nf3 Qe8 18. Nd2 g5 19. a4 Rg8 20. Ba3 Bxa3 21. Rxa3 Rg6 22. f3 Rh6 23. Rf2 Be6 24. Nf1 Qe7 25. Ra1 Rg8 26. g4 Bf7 27. Ng3 Bg6 28. Kg2 Rh4 29. Qd2 h5 30. h3 Qd7 31. Rh1 c5 32. Rff1 b6 33. Rh2 a5 34. Rfh1 Kg7 35. Kg1 Kf7 36. Kg2 Rh8 37. Qf2 Ke8 38. Qe2 Kd8 39. Qd2 Kc7 40. Qf2 Kb7 41. Qe2 Ka7 42. Qd2 Ka8 1/2-1/2

[Event "73rd UKR-ch"]
[Site "Kharkiv UKR"]
[Date "2004.08.25"]
[Round "1.2"]
[White "Rogovsky, Vladimir"]
[WhiteElo "2486"]
[Black "Yefymenko, Zakhar"]
[BlackElo "2572"]
[Result "0-1"]
[EventDate "2004.08.??"]
[PlyCount "78"]

1. e4 c5 2. Nf3 d6 3. d4 cxd4 4. Nxd4 Nf6 5. Nc3 a6 6. Be2 e5 7. Nb3 Be7 8. Bg5 Be6 9. Bxf6 Bxf6 10. Qd3 Nc6 11. O-O-O Nd4 12. Nxd4 exd4 13. Nd5 Bxd5 14. exd5 O-O 15. Qf3 Re8 16. Bd3 Re5 17. Rhe1 Qe7 18. Rxe5 Qxe5 19. Kb1 Re8 20. g3 g6 21. h4 h5 22. a3 Bd8 23. Qh1 Ba5 24. b4 Bd8 25. f4 Qe3 26. f5 g5 27. f6 g4 28. Qg2 a5 29. b5 a4 30. c4 dxc3 31. Qc2 Bxf6 32. Rf1 Kg7 33. Rf4 Qxg3 34. Rxa4 Re3 35. Bc4 Re1+ 36. Ka2 Qg1 37. Bd3 Rc1 38. Qe2 c2 39. Bxc2 Qc5 0-1

[Event "73rd UKR-ch"]
[Site "Kharkiv UKR"]
[Date "2004.08.24"]
[Round "1.1"]
[White "Eingorn, Viacheslav"]
[WhiteElo "2596"]
[Black "Shyshkin, Vadym"]
[BlackElo "2463"]
[Result "0-1"]
[EventDate "2004.08.??"]
[PlyCount "120"]

1. Nf3 Nf6 2. c4 g6 3. b3 Bg7 4. Bb2 O-O 5. g3 d6 6. Bg2 e5 7. O-O c5 8. Nc3 Nc6 9. d3 Ne8 10. Qd2 Nc7 11. Ne1 f5 12. Nd5 Nxd5 13. Bxd5+ Kh8 14. f4 Qe7 15. Nc2 Bd7 16. e3 a5 17. a3 b6 18. Rae1 Rae8 19. b4 exf4 20. exf4 Qd8 21. Bc3 axb4 22. axb4 Ne7 23. Bxg7+ Kxg7 24. Qc3+ Kh6 25. Bf3 Ng8 26. Ne3 Qf6 27. Qxf6 Nxf6 28. b5 Rd8 29. Nd5 Nxd5 30. Bxd5 Rfe8 31. Rxe8 Rxe8 32. Ra1 Be6 33. Bf3 Bg8 34. Kf2 d5 35. d4 cxd4 36. cxd5 Kg7 37. Rd1 Kf6 38. Rxd4 Rd8 39. d6 Ke6 40. Bd5+ Kd7 41. Bc6+ Ke6 42. d7 Ke7 43. g4 Be6 44. g5 Bxd7 45. Rc4 Rc8 46. Bd5 Rxc4 47. Bxc4 Be6 48. Be2 Kd6 49. Ke3 Kc5 50. h4 Bc4 51. Bf3 Bxb5 52. h5 Bc4 53. h6 Bd5 54. Bd1 b5 55. Kd3 Bc4+ 56. Ke3 b4 57. Ba4 b3 58. Kd2 Kd4 59. Be8 Bd3 60. Kc1 Kc3 0-1

[Event "73rd UKR-ch"]
[Site "Kharkiv UKR"]
[Date "2004.08.25"]
[Round "1.2"]
[White "Shyshkin, Vadym"]
[WhiteElo "2463"]
[Black "Eingorn, Viacheslav"]
[BlackElo "2596"]
[Result "1/2-1/2"]
[EventDate "2004.08.??"]
[PlyCount "97"]

1. d4 Nf6 2. c4 c5 3. d5 e5 4. Nc3 d6 5. e4 Nbd7 6. Bd3 Be7 7. Nge2 a6 8. a4 b6 9. h4 g6 10. f3 h5 11. Be3 Ng8 12. g3 Bf8 13. Bg5 Qc7 14. Nc1 Bh6 15. Bf1 f6 16. Bd2 Nf8 17. Nd3 Bxd2+ 18. Qxd2 Nh6 19. f4 Bg4 20. Bh3 Bxh3 21. Rxh3 Ng4 22. Rh1 Nd7 23. Kd1 O-O 24. Nf2 Nxf2+ 25. Qxf2 f5 26. Kc2 Rae8 27. Rae1 Nf6 28. exf5 Ng4 29. Qd2 Rxf5 30. b3 Qd7 31. Rhf1 Kg7 32. Re4 Rff8 33. Kb2 Nf6 34. Ree1 exf4 35. Rxf4 Rxe1 36. Qxe1 Qe8 37. Ne4 Qe5+ 38. Qc3 Nxe4 39. Qxe5+ dxe5 40. Rxe4 Rf2+ 41. Kc3 Rf3+ 42. Kc2 Kf6 43. g4 Rh3 44. d6 Ke6 45. Rxe5+ Kxd6 46. Rd5+ Kc6 47. gxh5 Rxh4 48. hxg6 Rg4 49. Rh5 1/2-1/2

[Event "73rd UKR-ch"]
[Site "Kharkiv UKR"]
[Date "2004.08.25"]
[Round "1.2"]
[White "Oleksienko, Mykhailo"]
[WhiteElo "2424"]
[Black "Eljanov, Pavel"]
[BlackElo "2613"]
[Result "1/2-1/2"]
[EventDate "2004.08.??"]
[PlyCount "88"]

1. e4 c5 2. Nf3 Nc6 3. d4 cxd4 4. Nxd4 Nf6 5. Nc3 e5 6. Ndb5 d6 7. Bg5 a6 8. Na3 b5 9. Nd5 Be7 10. Bxf6 Bxf6 11. c3 O-O 12. Nc2 Rb8 13. h4 Be7 14. Bd3 Be6 15. Nce3 Qd7 16. g3 Bd8 17. O-O a5 18. Bc2 Ne7 19. Bb3 Nxd5 20. Bxd5 Bb6 21. Re1 Bc5 22. a3 b4 23. axb4 axb4 24. Qd3 g6 25. Ra5 bxc3 26. bxc3 Rb2 27. Re2 Rfb8 28. Ra8 Rxa8 29. Rxb2 Bxd5 30. Qxd5 Ra7 31. Rb8+ Kg7 32. Qd2 h6 33. Kg2 Qe6 34. Nd5 f5 35. exf5 Qxf5 36. Qe2 Qf7 37. c4 Bd4 38. f3 Ra1 39. Rc8 Qf5 40. Rc7+ Kf8 41. Nf4 Rb1 42. Qe4 Rb2+ 43. Kh1 Rb1+ 44. Kg2 Rb2+ 1/2-1/2

[Event "73rd UKR-ch"]
[Site "Kharkiv UKR"]
[Date "2004.08.24"]
[Round "1.1"]
[White "Ivanchuk, Vasyl"]
[WhiteElo "2715"]
[Black "Shkuran, Daniil"]
[BlackElo "2390"]
[Result "1-0"]
[EventDate "2004.08.??"]
[PlyCount "79"]

1. d4 d5 2. c4 c6 3. Nf3 Nf6 4. Nc3 dxc4 5. a4 e6 6. e3 Bb4 7. Bxc4 Qa5 8. Qb3 O-O 9. O-O Nbd7 10. Rd1 h6 11. h3 Qb6 12. Qc2 Qc7 13. Bd2 Be7 14. Rac1 a6 15. Ba2 c5 16. Bb1 Qb8 17. a5 b5 18. axb6 cxd4 19. Nxd4 Bb7 20. Na4 Rc8 21. Qd3 Qe5 22. Qe2 Bd8 23. f4 Qd5 24. Bc3 Qc4 25. Qxc4 Rxc4 26. b3 Rcc8 27. Ba5 Rab8 28. Rc7 Bxc7 29. bxc7 Ra8 30. e4 Kf8 31. Nf3 Ke8 32. Nd2 Bc6 33. Nc4 Kf8 34. Nd6 Ne8 35. Nxc8 Rxc8 36. Rc1 Bb7 37. e5 f6 38. Rd1 Bc6 39. Be4 Bb5 40. Nc3 1-0

[Event "73rd UKR-ch"]
[Site "Kharkiv UKR"]
[Date "2004.08.25"]
[Round "1.2"]
[White "Shkuran, Daniil"]
[WhiteElo "2390"]
[Black "Ivanchuk, Vasyl"]
[BlackElo "2715"]
[Result "0-1"]
[EventDate "2004.08.??"]
[PlyCount "48"]

1. e4 e5 2. Nf3 Nc6 3. Bb5 a6 4. Ba4 Nf6 5. Qe2 Bc5 6. O-O O-O 7. c3 d6 8. Rd1 Bd7 9. Bc2 Ba7 10. h3 h6 11. d4 Re8 12. dxe5 Nxe5 13. Nxe5 Rxe5 14. Bf4 Re6 15. Nd2 Qe7 16. Kh2 Bb5 17. Qf3 Bc6 18. Bb3 Bxe4 19. Nxe4 Rxe4 20. Bc2 Re2 21. Qxb7 Ng4+ 22. Kg1 Re8 23. Bd3 Re1+ 24. Bf1 Qe2 {The concluding blow, forcing mate in two.} 0-1

[Event "73rd UKR-ch"]
[Site "Kharkiv UKR"]
[Date "2004.08.24"]
[Round "1.1"]
[White "Kobylkin, Evgeny"]
[WhiteElo "2444"]
[Black "Vysochin, Spartak"]
[BlackElo "2599"]
[Result "1/2-1/2"]
[EventDate "2004.08.??"]
[PlyCount "121"]

1. d4 d5 2. c4 c6 3. Nf3 Nf6 4. Nc3 a6 5. c5 Nbd7 6. h3 Qc7 7. Bg5 e5 8. e3 Be7 9. Be2 O-O 10. O-O Re8 11. Qc2 e4 12. Nd2 Nf8 13. Bf4 Qd8 14. Bh2 Be6 15. b4 Ng6 16. a4 Nd7 17. Nb3 f5 18. Na5 Qc8 19. b5 Bd8 20. bxc6 bxc6 21. Nb3 Bc7 22. Bxc7 Qxc7 23. Bh5 Nf6 24. Bxg6 hxg6 25. f4 exf3 26. Rxf3 g5 27. Raf1 Rab8 28. Nc1 g4 29. hxg4 Nxg4 30. Rh3 Bd7 31. Nd1 Re7 32. Nd3 Rbe8 33. Rff3 g5 34. N3f2 Rg7 35. Rh5 f4 36. Qd2 Nf6 37. Rh6 Ne4 38. Nxe4 dxe4 39. Qa2+ Rf7 40. Rf1 Bf5 41. Rd6 Bh7 42. exf4 e3 43. Nc3 Bd3 44. Ne2 Bxe2 45. Qxe2 gxf4 46. Qg4+ Rg7 47. Qxf4 e2 48. Re1 Qa5 49. Qh4 Qd2 50. Rh6 Qe3+ 51. Kh1 Qxh6 52. Qxh6 Rh7 53. Qxh7+ Kxh7 54. Kg1 Re4 55. Kf2 Rxd4 56. Rxe2 Rf4+ 57. Kg3 Rxa4 58. Re6 Rc4 59. Rxc6 a5 60. Kf3 a4 61. Ke3 1/2-1/2

[Event "73rd UKR-ch"]
[Site "Kharkiv UKR"]
[Date "2004.08.25"]
[Round "1.2"]
[White "Vysochin, Spartak"]
[WhiteElo "2599"]
[Black "Kobylkin, Evgeny"]
[BlackElo "2444"]
[Result "0-1"]
[EventDate "2004.08.??"]
[PlyCount "152"]

1. e4 e6 2. d4 d5 3. Nd2 c5 4. Ngf3 cxd4 5. exd5 Qxd5 6. Bc4 Qd6 7. Qe2 Nf6 8. Nb3 Nc6 9. Bg5 Qb4+ 10. Bd2 Qb6 11. O-O-O Bd7 12. Bg5 Bc5 13. Kb1 O-O-O 14. Ne5 Nxe5 15. Qxe5 Bd6 16. Qe2 Bc6 17. Rxd4 Bb4 18. Be3 Rxd4 19. Bxd4 Qc7 20. Bxa7 b6 21. Ba6+ Kd8 22. Qc4 Bd6 23. Bb8 Qd7 24. Bxd6 Qxd6 25. f3 Ke7 26. Qd4 Ra8 27. Qxd6+ Kxd6 28. Rd1+ Kc7 29. Bd3 Ra4 30. c4 e5 31. Nd2 Ra8 32. Re1 Re8 33. Kc2 Nd7 34. b4 g6 35. Be4 Ba4+ 36. Kc3 f5 37. Bc2 Bc6 38. a4 Nf6 39. b5 Bb7 40. c5 bxc5 41. a5 Nd5+ 42. Kb2 Nb4 43. Nc4 e4 44. a6 Bd5 45. b6+ Kb8 46. a7+ Ka8 47. Nd6 Re6 48. fxe4 Rxd6 49. exd5 Rxb6 50. Kc3 Nxd5+ 51. Kc4 Nf6 52. Kxc5 Kxa7 53. Re7+ Rb7 54. Kd6 Ng4 55. Bd1 Nxh2 56. Ke6 Ng4 57. Rxb7+ Kxb7 58. Kf7 Ne3 59. Bf3+ Kc7 60. Kg7 Kd6 61. Kxh7 g5 62. Kg6 g4 63. Bb7 Ke5 64. Kg5 g3 65. Bc6 Nc4 66. Kh4 Kf4 67. Bd5 Nd6 68. Bc6 Ne4 69. Bd7 Ke5 70. Bc8 Nd6 71. Bd7 f4 72. Bc6 Kd4 73. Kg4 Ke3 74. Bd5 Ne4 75. Bc4 f3 76. Kh3 Kf2 0-1

[Event "73rd UKR-ch"]
[Site "Kharkiv UKR"]
[Date "2004.08.24"]
[Round "1.1"]
[White "Korobov, Anton"]
[WhiteElo "2565"]
[Black "Nosenko, Olexandr"]
[BlackElo "2506"]
[Result "1-0"]
[EventDate "2004.08.??"]
[PlyCount "69"]

1. d4 e6 2. c4 f5 3. g3 Nf6 4. Bg2 d5 5. Nh3 c6 6. O-O Bd6 7. Bf4 Be7 8. Qc2 O-O 9. Nc3 Na6 10. Rad1 Bd7 11. a3 Nc7 12. c5 h6 13. f3 g5 14. Be5 Nce8 15. Nf2 Ng7 16. e4 Be8 17. b4 a5 18. Rb1 axb4 19. Rxb4 Nd7 20. Bd6 Bxd6 21. cxd6 Qb8 22. e5 c5 23. dxc5 Nxe5 24. Rfb1 Qa7 25. f4 gxf4 26. gxf4 Nd7 27. Ra4 Qb8 28. c6 Rxa4 29. c7 Qc8 30. Nxa4 Bh5 31. Nb6 Nxb6 32. Rxb6 Be8 33. Nd3 Nh5 34. Rxb7 Bd7 35. Nc5 1-0

[Event "73rd UKR-ch"]
[Site "Kharkiv UKR"]
[Date "2004.08.25"]
[Round "1.2"]
[White "Nosenko, Olexandr"]
[WhiteElo "2506"]
[Black "Korobov, Anton"]
[BlackElo "2565"]
[Result "1/2-1/2"]
[EventDate "2004.08.??"]
[PlyCount "41"]

1. d4 Nf6 2. c4 e6 3. Nf3 b6 4. g3 Bb7 5. Bg2 Be7 6. O-O O-O 7. Bf4 d5 8. Nbd2 Nbd7 9. Rc1 c5 10. dxc5 Nxc5 11. Be5 Rc8 12. b3 Nce4 13. cxd5 Qxd5 14. Nc4 Qxd1 15. Rcxd1 b5 16. Ne3 Nc3 17. Bxc3 Rxc3 18. Nd4 Bxg2 19. Kxg2 a6 20. Rc1 Ne4 21. Nc6 1/2-1/2

[Event "73rd UKR-ch"]
[Site "Kharkiv UKR"]
[Date "2004.08.24"]
[Round "1.1"]
[White "Malaniuk, Volodymyr"]
[WhiteElo "2555"]
[Black "Kuzmin, Gennady"]
[BlackElo "2518"]
[Result "1/2-1/2"]
[EventDate "2004.08.??"]
[PlyCount "23"]

1. e4 e5 2. Nf3 Nc6 3. Nc3 Nf6 4. g3 d6 5. h3 g6 6. Bg2 Bg7 7. O-O O-O 8. d3 Be6 9. Ng5 Bd7 10. Be3 Nh5 11. Nf3 Nd4 12. Kh2 1/2-1/2

[Event "73rd UKR-ch"]
[Site "Kharkiv UKR"]
[Date "2004.08.24"]
[Round "1.1"]
[White "Neverov, Valeriy"]
[WhiteElo "2537"]
[Black "Romanyshyn, Oleh"]
[BlackElo "2541"]
[Result "1/2-1/2"]
[EventDate "2004.08.??"]
[PlyCount "53"]

1. c4 e5 2. Nc3 Nf6 3. Nf3 Nc6 4. d3 Be7 5. e3 O-O 6. Be2 d5 7. cxd5 Nxd5 8. O-O Be6 9. a3 f5 10. Qc2 a5 11. Bd2 Kh8 12. Rfe1 Nb6 13. b3 Qe8 14. Nb5 Rc8 15. Bc3 Bf6 16. e4 Qd7 17. Rad1 Qf7 18. Rb1 Qg6 19. Rbc1 Nd7 20. b4 axb4 21. axb4 Be7 22. Qb2 fxe4 23. dxe4 Bh3 24. g3 Qf6 25. Bd1 Bd6 26. Na3 Be6 27. Nb5 1/2-1/2

[Event "73rd UKR-ch"]
[Site "Kharkiv UKR"]
[Date "2004.08.25"]
[Round "1.2"]
[White "Romanyshyn, Oleh"]
[WhiteElo "2541"]
[Black "Neverov, Valeriy"]
[BlackElo "2537"]
[Result "1/2-1/2"]
[EventDate "2004.08.??"]
[PlyCount "77"]

1. d4 Nf6 2. Nf3 g6 3. g3 Bg7 4. Bg2 d5 5. c4 c6 6. cxd5 cxd5 7. Ne5 O-O 8. Nc3 e6 9. O-O Nfd7 10. Nf3 Nc6 11. Bf4 Nb6 12. b3 Bd7 13. Qd2 Ne7 14. Bh6 Bxh6 15. Qxh6 Nf5 16. Qd2 Qe7 17. Rac1 Rfc8 18. e3 Be8 19. Ne5 Nd6 20. a4 Qd8 21. Nd3 Rc7 22. Rc2 Nbc8 23. Rfc1 Ne7 24. Nc5 a5 25. e4 b6 26. Nd3 dxe4 27. Nxe4 Nxe4 28. Bxe4 Rxc2 29. Rxc2 Rc8 30. Rxc8 Nxc8 31. Ne5 Nd6 32. Bg2 f6 33. Ng4 Nf5 34. d5 h5 35. Ne3 Nxe3 36. Qxe3 exd5 37. Bxd5+ Bf7 38. Bxf7+ Kxf7 39. h4 1/2-1/2

[Event "73rd UKR-ch"]
[Site "Kharkiv UKR"]
[Date "2004.08.25"]
[Round "1.3"]
[White "Neverov, Valeriy"]
[WhiteElo "2537"]
[Black "Romanyshyn, Oleh"]
[BlackElo "2541"]
[Result "1-0"]
[EventDate "2004.08.??"]
[PlyCount "91"]

1. Nf3 Nf6 2. c4 d6 3. g3 c5 4. Bg2 Nc6 5. d4 cxd4 6. Nxd4 Bd7 7. O-O g6 8. b3 Bg7 9. Bb2 O-O 10. e3 Qc8 11. Nc3 Bh3 12. Rc1 Bxg2 13. Kxg2 Qd7 14. Nde2 Ne5 15. Qd2 Rac8 16. f3 a6 17. Nf4 b5 18. Ncd5 Nxd5 19. cxd5 Qb7 20. e4 b4 21. Rxc8 Rxc8 22. Rc1 a5 23. Rxc8+ Qxc8 24. Qc1 Qxc1 25. Bxc1 Bh6 26. Be3 Nd7 27. Kf2 Bxf4 28. Bxf4 f6 29. Ke2 Kf7 30. Kd3 g5 31. Be3 Ne5+ 32. Ke2 Nd7 33. Bd4 e6 34. Kd3 exd5 35. exd5 f5 36. f4 Kg6 37. Kc4 gxf4 38. gxf4 Kh5 39. Kb5 Kg4 40. Kc6 Nf8 41. Be3 Kf3 42. Bc1 h5 43. Kxd6 h4 44. Ke7 Ng6+ 45. Kf7 Nh8+ 46. Kg7 1-0

[Event "73rd UKR-ch"]
[Site "Kharkiv UKR"]
[Date "2004.08.25"]
[Round "1.4"]
[White "Romanyshyn, Oleh"]
[WhiteElo "2541"]
[Black "Neverov, Valeriy"]
[BlackElo "2537"]
[Result "1-0"]
[EventDate "2004.08.??"]
[PlyCount "63"]

1. d4 d5 2. c4 e6 3. Nf3 Nf6 4. Nc3 Be7 5. Bg5 h6 6. Bh4 O-O 7. e3 b6 8. Bd3 Bb7 9. O-O Nbd7 10. Bg3 c5 11. Qe2 cxd4 12. exd4 dxc4 13. Bxc4 Nh5 14. d5 Nxg3 15. hxg3 exd5 16. Bxd5 Rb8 17. Rad1 Bf6 18. Qe4 Bxc3 19. Bxb7 Qc7 20. Rxd7 Qxd7 21. Bc6 Qd6 22. bxc3 Qa3 23. Ne5 Rbc8 24. c4 Qxa2 25. Bd5 Rc7 26. Ng6 Rd8 27. Ne7+ Kf8 28. Nc6 Rdc8 29. Qh7 Rxc6 30. Re1 Re6 31. Bxe6 Qd2 32. Rf1 1-0

[Event "73rd UKR-ch"]
[Site "Kharkiv UKR"]
[Date "2004.08.24"]
[Round "1.1"]
[White "Tukhaev, Adam"]
[WhiteElo "2404"]
[Black "Moiseenko, Olexandr"]
[BlackElo "2640"]
[Result "0-1"]
[EventDate "2004.08.??"]
[PlyCount "106"]

1. e4 c5 2. Nf3 Nc6 3. Nc3 e5 4. Bc4 Be7 5. d3 Nf6 6. Ng5 O-O 7. f4 d6 8. O-O Bg4 9. Nf3 exf4 10. Bxf4 Nd4 11. Qd2 Nxf3+ 12. gxf3 Be6 13. Rfe1 a6 14. Qg2 b5 15. Bh6 Ne8 16. Bd5 Ra7 17. Bc6 Kh8 18. Be3 Rc7 19. Bd5 b4 20. Bxe6 bxc3 21. Bc4 cxb2 22. Rab1 Bf6 23. Qd2 Rc6 24. Bd5 Rb6 25. d4 cxd4 26. Bxd4 Bxd4+ 27. Qxd4 Nf6 28. Bb3 Nh5 29. Rxb2 Nf4 30. Kh1 Rb5 31. c3 Rh5 32. Rg1 Rg5 33. Rg3 Nh5 34. Rgg2 f5 35. e5 Rxg2 36. Rxg2 dxe5 37. Qxe5 h6 38. Re2 Qd3 39. Qe3 Rd8 40. Bc2 Qxe3 41. Rxe3 Nf4 42. h4 g6 43. c4 Rd2 44. Bb3 Rd3 45. Re7 Rxf3 46. c5 Rc3 47. Rc7 g5 48. h5 g4 49. c6 g3 50. Rd7 Rc1+ 51. Bd1 Rxc6 52. Rd4 Ne6 53. Rd2 Rc3 0-1

[Event "73rd UKR-ch"]
[Site "Kharkiv UKR"]
[Date "2004.08.25"]
[Round "1.2"]
[White "Moiseenko, Olexandr"]
[WhiteElo "2640"]
[Black "Tukhaev, Adam"]
[BlackElo "2404"]
[Result "1/2-1/2"]
[EventDate "2004.08.??"]
[PlyCount "139"]

1. d4 Nf6 2. c4 c5 3. d5 b5 4. cxb5 a6 5. bxa6 Bxa6 6. Nc3 d6 7. e4 Bxf1 8. Kxf1 g6 9. Nf3 Bg7 10. g3 O-O 11. Kg2 Nbd7 12. Re1 Ng4 13. Qe2 Qa5 14. Nd2 Bxc3 15. Nc4 Qa6 16. bxc3 Nge5 17. Nxe5 Nxe5 18. Bh6 Qxe2 19. Rxe2 Rfb8 20. a4 Nc4 21. a5 Rxa5 22. Rxa5 Nxa5 23. e5 Nc4 24. e6 Ra8 25. Re1 Nb6 26. Rd1 Rd8 27. h4 Na8 28. Rb1 Nc7 29. c4 fxe6 30. Rb7 Rc8 31. dxe6 Nxe6 32. Rxe7 Nd4 33. Rg7+ Kh8 34. Rd7 Kg8 35. g4 Nc6 36. f4 Na5 37. Rxd6 Nxc4 38. Rd7 Nb6 39. Rg7+ Kh8 40. Rb7 Nd5 41. Bg7+ Kg8 42. Be5 c4 43. Rg7+ Kf8 44. Rxh7 Rc6 45. Rd7 Nf6 46. Rd6 Rxd6 47. Bxd6+ Kf7 48. Kf3 c3 49. Ba3 Ke6 50. Bc1 c2 51. Bb2 Nd5 52. h5 gxh5 53. f5+ Kf7 54. gxh5 Kg8 55. Bc1 Kh7 56. Kg4 Nf6+ 57. Kh4 Ne4 58. h6 Nd6 59. Kg5 Nf7+ 60. Kh5 Nd6 61. f6 Nf7 62. Bf4 Ne5 63. Bd2 Nf7 64. Bc1 Ne5 65. Kg5 Nf7+ 66. Kf5 Nxh6+ 67. Ke6 Kg6 68. Bxh6 Kxh6 69. f7 c1=Q 70. f8=Q+ 1/2-1/2

[Event "73rd UKR-ch"]
[Site "Kharkiv UKR"]
[Date "2004.08.24"]
[Round "1.1"]
[White "Zhukova, Natalia"]
[WhiteElo "2475"]
[Black "Areschenko, Alexander"]
[BlackElo "2575"]
[Result "1/2-1/2"]
[EventDate "2004.08.??"]
[PlyCount "55"]

1. d4 d6 2. Nf3 g6 3. g3 Bg7 4. Bg2 Nd7 5. c4 e5 6. Nc3 Ne7 7. O-O O-O 8. e4 exd4 9. Nxd4 Nc6 10. Nde2 a6 11. Rb1 Rb8 12. b3 b5 13. cxb5 axb5 14. Bb2 Re8 15. Nd5 Bxb2 16. Rxb2 Nf6 17. Nxf6+ Qxf6 18. Rc2 Bb7 19. Nf4 Nd4 20. Rxc7 Bxe4 21. Nd5 Ne2+ 22. Qxe2 Bxd5 23. Qd3 Bxg2 24. Kxg2 Ra8 25. Rc2 Qe5 26. Rd1 Ra6 27. Qf3 Qe4 28. Qxe4 1/2-1/2

[Event "73rd UKR-ch"]
[Site "Kharkiv UKR"]
[Date "2004.08.25"]
[Round "1.2"]
[White "Areschenko, Alexander"]
[WhiteElo "2575"]
[Black "Zhukova, Natalia"]
[BlackElo "2475"]
[Result "1/2-1/2"]
[EventDate "2004.08.??"]
[PlyCount "116"]

1. e4 e5 2. Nf3 Nc6 3. Bb5 Nf6 4. O-O Nxe4 5. d4 Nd6 6. dxe5 Nxb5 7. a4 Nbd4 8. Nxd4 Nxd4 9. Qxd4 d5 10. Nc3 c6 11. a5 Be7 12. f4 Bf5 13. g4 Bxc2 14. f5 Qd7 15. Rf2 Bb3 16. f6 gxf6 17. exf6 Bd6 18. Bf4 Qxg4+ 19. Kh1 O-O-O 20. Qxa7 Bxf4 21. a6 bxa6 22. Qxa6+ Kd7 23. Qb7+ Bc7 24. Qxb3 Rb8 25. Qc2 Bb6 26. Rff1 Rhg8 27. Na4 Bd4 28. Rac1 c5 29. Rcd1 Rg5 30. Nc3 Bxc3 31. bxc3 Kc6 32. Rde1 Rbg8 33. Qa2 Qg2+ 34. Qxg2 Rxg2 35. Re7 Rc2 36. Rxf7 Rxc3 37. Rxh7 Rf8 38. f7 d4 39. Rh6+ Kb5 40. Re6 Re3 41. Rg6 Re7 42. Rb1+ Kc4 43. Rc1+ Kd3 44. Rxc5 Rfxf7 45. Rg3+ Re3 46. Kg2 Rxg3+ 47. hxg3 Kd2 48. Rd5 d3 49. g4 Ke2 50. Re5+ Kd1 51. g5 d2 52. Kg3 Rd7 53. Ra5 Ke2 54. Ra1 d1=Q 55. Rxd1 Rxd1 56. Kf4 Rf1+ 57. Ke5 Ke3 58. g6 Rg1 1/2-1/2

[Event "73rd UKR-ch"]
[Site "Kharkiv UKR"]
[Date "2004.08.26"]
[Round "2.1"]
[White "Areschenko, Alexander"]
[WhiteElo "2575"]
[Black "Shyshkin, Vadym"]
[BlackElo "2463"]
[Result "1-0"]
[EventDate "2004.08.??"]
[PlyCount "79"]

1. e4 c5 2. Nf3 Nc6 3. d4 cxd4 4. Nxd4 Nf6 5. Nc3 d6 6. Bc4 Qb6 7. Nxc6 bxc6 8. O-O g6 9. Qe1 Ng4 10. h3 Ne5 11. Na4 Qc7 12. Qc3 Rg8 13. Be2 Bg7 14. f4 Nd7 15. Qe1 Bf6 16. Bc4 Nb6 17. Nxb6 Qxb6+ 18. Kh1 Ba6 19. Bxa6 Qxa6 20. e5 Bh4 21. Qd1 O-O-O 22. Be3 f5 23. Qd4 dxe5 24. Qxe5 Rd6 25. Bc5 Bf6 26. Qe3 Rd7 27. Qe6 Rgd8 28. Rab1 Kb8 29. b4 Qc8 30. a4 Rd2 31. Qc4 Ka8 32. Be3 R2d5 33. Rfe1 e5 34. fxe5 Bxe5 35. Bg5 R8d6 36. b5 Qd7 37. b6 Rd1 38. Qg8+ Kb7 39. bxa7+ Kxa7 40. Qb8+ 1-0

[Event "73rd UKR-ch"]
[Site "Kharkiv UKR"]
[Date "2004.08.27"]
[Round "2.2"]
[White "Shyshkin, Vadym"]
[WhiteElo "2463"]
[Black "Areschenko, Alexander"]
[BlackElo "2575"]
[Result "0-1"]
[EventDate "2004.08.??"]
[PlyCount "76"]

1. d4 d6 2. Nf3 g6 3. c4 Bg7 4. Nc3 Nd7 5. e4 e5 6. Be2 Ngf6 7. O-O O-O 8. Be3 c6 9. d5 c5 10. Ne1 Ne8 11. Nd3 f5 12. f4 b6 13. exf5 gxf5 14. Kh1 Kh8 15. g4 Qe7 16. Qd2 Ndf6 17. g5 Ne4 18. Nxe4 fxe4 19. Nf2 Nc7 20. f5 Bxf5 21. Qc2 b5 22. b3 a5 23. Bg4 Bxg4 24. Nxg4 Qd7 25. Rg1 a4 26. Qxe4 Qf5 27. Nf2 Qf3+ 28. Qxf3 Rxf3 29. Rae1 axb3 30. axb3 Ra3 31. Kg2 Rxe3 32. Rxe3 bxc4 33. Rd1 cxb3 34. Ne4 Nb5 35. Nd2 b2 36. Kf2 Nc3 37. Ke1 e4 38. Nb1 Nxb1 0-1

[Event "73rd UKR-ch"]
[Site "Kharkiv UKR"]
[Date "2004.08.26"]
[Round "2.1"]
[White "Kobylkin, Evgeny"]
[WhiteElo "2444"]
[Black "Yefymenko, Zakhar"]
[BlackElo "2572"]
[Result "1-0"]
[EventDate "2004.08.??"]
[PlyCount "85"]

1. d4 Nf6 2. c4 g6 3. Nc3 Bg7 4. e4 d6 5. Nf3 O-O 6. Be2 Na6 7. O-O e5 8. Re1 Qe8 9. Bf1 Bg4 10. d5 Nb4 11. Be2 a5 12. Be3 b6 13. a3 Na6 14. Nd2 Bxe2 15. Qxe2 a4 16. b4 axb3 17. Nxb3 Nh5 18. Qd2 f5 19. f3 f4 20. Bf2 g5 21. a4 Nf6 22. a5 g4 23. axb6 cxb6 24. Nb5 Qg6 25. Kh1 Nh5 26. Qe2 g3 27. Bxb6 gxh2 28. Bf2 Ng3+ 29. Bxg3 fxg3 30. Ra4 Nc7 31. Rxa8 Nxa8 32. c5 dxc5 33. Nxc5 Rb8 34. Ne6 Nb6 35. Nd6 Bf8 36. Nf5 Nc8 37. Qc4 Nd6 38. Qc7 Rc8 39. Qd7 Qe8 40. Nxf8 Nxf5 41. Qxh7+ Kxf8 42. Qxf5+ Kg7 43. Qg4+ 1-0

[Event "73rd UKR-ch"]
[Site "Kharkiv UKR"]
[Date "2004.08.27"]
[Round "2.2"]
[White "Yefymenko, Zakhar"]
[WhiteElo "2572"]
[Black "Kobylkin, Evgeny"]
[BlackElo "2444"]
[Result "1-0"]
[EventDate "2004.08.??"]
[PlyCount "97"]

1. e4 e6 2. d4 d5 3. Nc3 Nf6 4. e5 Nfd7 5. f4 c5 6. Nf3 Nc6 7. Be3 a6 8. Qd2 b5 9. a3 Qb6 10. Ne2 a5 11. c3 Ba6 12. f5 b4 13. fxe6 fxe6 14. Nf4 bxc3 15. bxc3 cxd4 16. cxd4 Nd8 17. Ng5 Be7 18. h4 Bxf1 19. Kxf1 O-O 20. Kg1 Bxg5 21. hxg5 Qb3 22. g6 h6 23. Nh5 Rc8 24. Rc1 Rxc1+ 25. Qxc1 Qd3 26. Rh3 Qc4 27. Qd2 Nc6 28. Kh2 Rf5 29. Nf4 Nf8 30. Rg3 a4 31. Nd3 Rh5+ 32. Kg1 Nxd4 33. Rg4 Nb3 34. Rxc4 Nxd2 35. Rc8 Ne4 36. Nc5 Nxc5 37. Bxc5 Rf5 38. g4 Rf4 39. Kh2 Rf3 40. Kg2 Rf4 41. Kg3 Rf1 42. Ra8 d4 43. Bxd4 Rc1 44. Kf3 Rc2 45. Ke3 Rc1 46. Kd2 Rc4 47. Kd3 Rc1 48. Bc3 h5 49. gxh5 1-0

[Event "73rd UKR-ch"]
[Site "Kharkiv UKR"]
[Date "2004.08.27"]
[Round "2.3"]
[White "Kobylkin, Evgeny"]
[WhiteElo "2444"]
[Black "Yefymenko, Zakhar"]
[BlackElo "2572"]
[Result "0-1"]
[EventDate "2004.08.??"]
[PlyCount "92"]

1. d4 d6 2. Nf3 g6 3. c4 Bg7 4. Nc3 Bg4 5. g3 Bxf3 6. exf3 c6 7. Bg2 Nf6 8. O-O O-O 9. d5 Nbd7 10. f4 Rc8 11. Re1 Re8 12. Be3 Qa5 13. Rb1 c5 14. g4 a6 15. g5 Nh5 16. Bf3 Nb6 17. Be2 Bxc3 18. bxc3 Ng7 19. Bd3 Rb8 20. Bd2 e6 21. Qb3 Nd7 22. Re2 exd5 23. cxd5 Rxe2 24. Bxe2 b5 25. Qc2 Nb6 26. c4 b4 27. Bd3 Re8 28. f5 Nxf5 29. Bxf5 gxf5 30. Rb3 Qa4 31. Qxf5 Qxa2 32. Rf3 Qa1+ 33. Kg2 Qg7 34. Qf4 Qg6 35. Re3 Rxe3 36. Bxe3 Nd7 37. Bc1 a5 38. Qg4 Ne5 39. Qc8+ Kg7 40. Qd8 Qe4+ 41. Kg1 Nf3+ 42. Kf1 Qxc4+ 43. Kg2 Qg4+ 44. Kf1 Qg1+ 45. Ke2 Nd4+ 46. Kd3 Qd1+ 0-1